00578nam a2200169Ia 4500008004100000020001600041041001200057082001600069100001700085245004900102260003800151300000800189650001900197942000700216999001500223952017000238221030s9999 xx 000 0 und d a00706994361 aEnglish a105.23bKha aV. K. Khanna 0aLattices & Boolean Algebrascby V. K. Khanna bVikas Pub House.aNew Delhic1999 a148 aBE Mathematics cBK c8631d8631 pBE 1645g75.00l0o105.23 Khar2024-06-13 00:00:00w2022-10-30yBK003Print4070aMIETLIBbMIETLIBcBL-Academic Block- A, FL-1, CUP-3, SH-4, R-4d2000-05-2010HBE